书目信息 |
| 题名: |
民国史事与人物
|
|
| 作者: | 沈云龙 著 | |
| 分册: | ||
| 出版信息: | 北京 中国大百科全书出版社 2013.04 |
|
| 页数: | 551页 | |
| 开本: | 23cm | |
| 丛书名: | 百科史学 | |
| 单 册: | ||
| 中图分类: | K258.07 , K820.6 | |
| 科图分类: | ||
| 主题词: | 中国历史--史评--民国 , 历史人物--生平事迹--中国--民国 , 中国历史 , 史评 , 历史人物 | |
| 电子资源: | ||
| ISBN: | 978-7-5000-9135-6 | |
| 000 | 01029oam2 2200325 450 | |
| 001 | 010050043408 | |
| 005 | 20130504092628.21 | |
| 010 | @a978-7-5000-9135-6@dCNY68.00 | |
| 100 | @a20130415d2013 em y0chiy50 ea | |
| 101 | 0 | @achi |
| 102 | @aCN@b110000 | |
| 105 | @ay z 000yd | |
| 106 | @ar | |
| 200 | 1 | @a民国史事与人物@9min guo shi shi yu ren wu@f沈云龙著 |
| 210 | @a北京@c中国大百科全书出版社@d2013.04 | |
| 215 | @a551页@d23cm | |
| 225 | 2 | @a百科史学@i史学名著丛书 |
| 330 | @a本书主要内容包括:民国初建与南北议和、孙中山先生与民初政府及其影响、民初国会之渊源及其演进、宋教仁与民初国会、“五四”爱国运动的历史回顾与价值评估等。 | |
| 333 | @a大众读者 | |
| 462 | 0 | @12001 @a百科史学@i史学名著丛书 |
| 606 | 0 | @a中国历史@x史评@y民国 |
| 606 | 0 | @a历史人物@x生平事迹@y中国@z民国 |
| 606 | 0 | @a中国历史 |
| 606 | 0 | @a史评 |
| 606 | 0 | @a历史人物 |
| 690 | @aK258.07@v5 | |
| 690 | @aK820.6@v5 | |
| 701 | 0 | @a沈云龙@9shen yun long@4著 |
| 801 | 0 | @aCN@b人天书店@c20130415 |
| 905 | @b542532-36@dK258.07@e69@f5 | |
| 民国史事与人物/沈云龙著.-北京:中国大百科全书出版社,2013.04 |
| 551页;23cm.-(百科史学.史学名著丛书) |
| 使用对象:大众读者 |
| ISBN 978-7-5000-9135-6:CNY68.00 |
| 本书主要内容包括:民国初建与南北议和、孙中山先生与民初政府及其影响、民初国会之渊源及其演进、宋教仁与民初国会、“五四”爱国运动的历史回顾与价值评估等。 |
| ● |
| 相关链接 |
|
|
|
|
正题名:民国史事与人物
索取号:K258.07/69
 
预约/预借
| 序号 | 登录号 | 条形码 | 馆藏地/架位号 | 状态 | 备注 |
| 1 | 542532 | 205425324 | 第二样本阅览室/ [索取号:K258.07/69] | 在馆 | |
| 2 | 542533 | 205425333 | 第二借阅区/ [索取号:K258.07/69] | 在馆 | |
| 3 | 542534 | 205425342 | 第二借阅区/ [索取号:K258.07/69] | 在馆 | |
| 4 | 542535 | 205425351 | 第二借阅区/ [索取号:K258.07/69] | 在馆 | |
| 5 | 542536 | 205425360 | 第二借阅区/ [索取号:K258.07/69] | 在馆 |